| 000 | 01147nam0a2200277 4500 | ||
|---|---|---|---|
| 001 | RU\NLR\BIBL_A\011485898 | ||
| 005 | 20250626074848.0 | ||
| 035 | _a(NLR Aleph) 011485898 | ||
| 090 |
_a11919838 _c11919838 |
||
| 100 | _a20170929d1933 |||y0rusy50 ca | ||
| 101 | 0 | _ache | |
| 102 | _aRU | ||
| 105 | _ay z 000 y | ||
| 200 | 1 |
_aОктаьбран револуьций ялхийттара яларан хьокъехь докладаш йецушна тезисаш _fВКП(б)-н Нохчобкоман Культпроп _gгочдинарг Б. Курумова |
|
| 210 |
_aСоьлжа-ГIала _cНохчпартзорб _d1933 |
||
| 215 |
_a7,[1] с. _d18 |
||
| 300 | _aЛатин. графика | ||
| 541 | 1 |
_aТезисы для докладчиков к XVI годовщине Октября _zrus |
|
| 606 | 1 |
_aВеликая Октябрьская социалистическая революция _z1917 _9912483 _3RU\NLR\AUTH\6613825 |
|
| 686 | 1 | _aФ61(2)5 | |
| 686 | 1 | _aТ2(2)711 | |
| 852 |
_aNLR _bОНЛ _jЧеч./2-96 |
||
| 852 |
_aNLR _bОНЛ _jЧеч./2-96 |
||
| 942 | _cBOOK | ||
| 980 | _aNB | ||